'F' Movies by Poster Quiz Stats

 Plays Quiz Updated May 26, 2015

Challenge
Share
Tweet
Score 0/20 Timer 05:00
9 Plays Today
% Correct
Forrest Gump
97.8%
Free Willy
91.7%
Fantasia
91.4%
Flubber
89.2%
Fantastic Four
88.8%
Frankenstein
87.4%
The Fox and the Hound
81.2%
Ferris Bueller's Day Off
79.5%
Face/Off
77.7%
Finding Nemo
71.2%
% Correct
Friday the 13th
67.9%
The Fast and the Furious
66.8%
The Fugitive
64.4%
Fight Club
63.4%
Full Metal Jacket
61.8%
The Fifth Element
45.7%
Fletch
40.5%
From Russia with Love
36.8%
The Fly
34.4%
A Fistful of Dollars
32.1%

You're not logged in!

Compare scores with friends on all Sporcle quizzes.
OR
Log In

You Might Also Like...

Show Comments

Extras

Top Quizzes Today


Score Distribution

Your Account Isn't Verified!

In order to create a playlist on Sporcle, you need to verify the email address you used during registration. Go to your Sporcle Settings to finish the process.

Report this User

Report this user for behavior that violates our Community Guidelines.

Details: